LEADER 01269nam 22004693 450 001 9910163282403321 005 20230601194252.0 010 $a1-78543-722-4 035 $a(CKB)3710000001046826 035 $a(MiAaPQ)EBC7197623 035 $a(Au-PeEL)EBL7197623 035 $a(OCoLC)1370499455 035 $a(BIP)059241194 035 $a(EXLCZ)993710000001046826 100 $a20230220d2016 uy 0 101 0 $aeng 135 $aurcnu|||||||| 181 $ctxt$2rdacontent 182 $cc$2rdamedia 183 $acr$2rdacarrier 200 10$aH.M.S. Pinafore $eor, The Lass That Loved A Sailor 210 1$aLondon :$cCopyright Group,$d2016. 210 4$dİ2016. 215 $a1 online resource (69 pages) 311 $a4064066313036 517 $aHMS Pinafore 606 $aOperas--Librettos 606 $aLove 606 $aNavies--Officers 615 0$aOperas--Librettos. 615 0$aLove. 615 0$aNavies--Officers. 676 $a782.1 700 $aGilbert$b W. S$g(William Schwenck),$f1836-1911.$047194 701 $aSullivan$b Arthur$0841436 801 0$bMiAaPQ 801 1$bMiAaPQ 801 2$bMiAaPQ 906 $aBOOK 912 $a9910163282403321 996 $aH.M.S. Pinafore$93566861 997 $aUNINA